MARC details
| 000 -LEADER |
| fixed length control field |
05844nam a22009015i 4500 |
| 005 - DATE AND TIME OF LATEST TRANSACTION |
| control field |
20230718140406.0 |
| 006 - FIXED-LENGTH DATA ELEMENTS--ADDITIONAL MATERIAL CHARACTERISTICS |
| fixed length control field |
m|||||o||d|||||||| |
| 007 - PHYSICAL DESCRIPTION FIXED FIELD--GENERAL INFORMATION |
| fixed length control field |
cr || |||||||| |
| 008 - FIXED-LENGTH DATA ELEMENTS--GENERAL INFORMATION |
| fixed length control field |
220629t20162016cau fo d z eng d |
| 010 ## - LIBRARY OF CONGRESS CONTROL NUMBER |
| LC control number |
2016036746 |
| 020 ## - INTERNATIONAL STANDARD BOOK NUMBER |
| International Standard Book Number |
9780520967373 |
| 040 ## - CATALOGING SOURCE |
| Original cataloging agency |
DE-B1597 |
| Language of cataloging |
eng |
| Transcribing agency |
DE-B1597 |
| Description conventions |
rda |
| 041 0# - LANGUAGE CODE |
| Language code of text/sound track or separate title |
eng |
| 050 00 - LIBRARY OF CONGRESS CALL NUMBER |
| Classification number |
BP63.A54 |
| Item number |
A39 2017 |
| 050 #4 - LIBRARY OF CONGRESS CALL NUMBER |
| Classification number |
BP63.A54 |
| Item number |
A34 2017 |
| 082 04 - DEWEY DECIMAL CLASSIFICATION NUMBER |
| Classification number |
297.09581 |
| Edition number |
23 |
| 245 00 - TITLE STATEMENT |
| Title |
Afghanistan's Islam : |
| Remainder of title |
From Conversion to the Taliban / |
| Statement of responsibility, etc. |
ed. by Nile Green. |
| 264 #1 - PRODUCTION, PUBLICATION, DISTRIBUTION, MANUFACTURE, AND COPYRIGHT NOTICE |
| Place of production, publication, distribution, manufacture |
Berkeley, CA : |
| Name of producer, publisher, distributor, manufacturer |
University of California Press, |
| Date of production, publication, distribution, manufacture, or copyright notice |
[2016] |
| 264 #4 - PRODUCTION, PUBLICATION, DISTRIBUTION, MANUFACTURE, AND COPYRIGHT NOTICE |
| Date of production, publication, distribution, manufacture, or copyright notice |
©2016 |
| 300 ## - PHYSICAL DESCRIPTION |
| Extent |
1 online resource (354 p.) |
| 336 ## - CONTENT TYPE |
| Content type term |
text |
| Content type code |
txt |
| Source |
rdacontent |
| 337 ## - MEDIA TYPE |
| Media type term |
computer |
| Media type code |
c |
| Source |
rdamedia |
| 338 ## - CARRIER TYPE |
| Carrier type term |
online resource |
| Carrier type code |
cr |
| Source |
rdacarrier |
| 347 ## - DIGITAL FILE CHARACTERISTICS |
| File type |
text file |
| Encoding format |
PDF |
| Source |
rda |
| 505 00 - FORMATTED CONTENTS NOTE |
| Title |
Frontmatter -- |
| -- |
Contents -- |
| -- |
List of Illustrations -- |
| -- |
Maps -- |
| -- |
Preface and Acknowledgments -- |
| -- |
Introduction Afghanistan's Islam -- |
| -- |
Part One. From Conversions to Institutions (Ca. 700-1500) -- |
| -- |
Introduction -- |
| -- |
1 The Beginnings of Islam in Afghanistan -- |
| -- |
2 Women and Religious Patronage in the Timurid Empire -- |
| -- |
3 The Rise of the Khwajagan-Naqshbandiyya Sufi Order in Timurid Herat -- |
| -- |
Part Two. The Infrastructure of Religious Ideas (Ca. 1500-1850) -- |
| -- |
Introduction -- |
| -- |
4 Earning a Living -- |
| -- |
5 Transporting Knowledge in the Durrani Empire -- |
| -- |
Part Three. New States, New Discourses (Ca. 1850-1980) -- |
| -- |
Introduction -- |
| -- |
6 Islam, Shari'a, and State Building under 'Abd al-Rahman Khan -- |
| -- |
7 Competing Views of Pashtun Tribalism, Islam, and Society in the Indo-Afghan Borderlands -- |
| -- |
8 Nationalism, Not Islam -- |
| -- |
Part Four. Holy Warriors and (Im)Pious Women (1979-2014) -- |
| -- |
Introduction -- |
| -- |
9 Glossy Global Leadership -- |
| -- |
10 Female Sainthood between Politics and Legend -- |
| -- |
11 When Muslims Become Feminists -- |
| -- |
Afterword -- |
| -- |
Notes -- |
| -- |
Glossary of Islamic Terms -- |
| -- |
List of Contributors -- |
| -- |
Index |
| 506 0# - RESTRICTIONS ON ACCESS NOTE |
| Standardized terminology for access restriction |
unrestricted online access |
| Source of term |
star |
| 520 ## - SUMMARY, ETC. |
| Summary, etc. |
A free ebook version of this title is available through Luminos, University of California Press's Open Access publishing program. Visit www.luminosoa.org to learn more. This book provides the first overview of the history and development of Islam in Afghanistan. Written by leading international experts, chapters cover every era from the conversion of Afghanistan through the medieval period to the present day. Based on primary sources in Arabic, Persian, Pashto, Uzbek, and Urdu, its depth of coverage is unrivalled in providing a developmental picture of Afghanistan's Islam, including such issues as the rise of Sufism, women's religiosity, state religious policies, and transnational Islamism. Looking beyond the unifying rhetoric of theology, the book reveals the disparate and contested forms of Afghanistan's Islam. |
| 538 ## - SYSTEM DETAILS NOTE |
| System details note |
Mode of access: Internet via World Wide Web. |
| 540 ## - TERMS GOVERNING USE AND REPRODUCTION NOTE |
| Terms governing use and reproduction |
This eBook is made available Open Access under a CC BY-NC-ND 4.0 license: |
| Uniform Resource Identifier |
<a href="https://creativecommons.org/licenses/by-nc-nd/4.0 ">https://creativecommons.org/licenses/by-nc-nd/4.0 </a> |
| -- |
<a href="https://www.degruyter.com/dg/page/open-access-policy">https://www.degruyter.com/dg/page/open-access-policy</a> |
| 546 ## - LANGUAGE NOTE |
| Language note |
In English. |
| 588 0# - SOURCE OF DESCRIPTION NOTE |
| Source of description note |
Description based on online resource; title from PDF title page (publisher's Web site, viewed 29. Jun 2022) |
| 650 #0 - SUBJECT ADDED ENTRY--TOPICAL TERM |
| Topical term or geographic name entry element |
Islam |
| Geographic subdivision |
Afghanistan |
| General subdivision |
History. |
| 650 #0 - SUBJECT ADDED ENTRY--TOPICAL TERM |
| Topical term or geographic name entry element |
Muslims |
| Geographic subdivision |
Afghanistan |
| General subdivision |
History. |
| 650 #7 - SUBJECT ADDED ENTRY--TOPICAL TERM |
| Topical term or geographic name entry element |
RELIGION / Islam / General. |
| Source of heading or term |
bisacsh |
| 653 ## - INDEX TERM--UNCONTROLLED |
| Uncontrolled term |
afghanistan. |
| 653 ## - INDEX TERM--UNCONTROLLED |
| Uncontrolled term |
conquests. |
| 653 ## - INDEX TERM--UNCONTROLLED |
| Uncontrolled term |
conversion. |
| 653 ## - INDEX TERM--UNCONTROLLED |
| Uncontrolled term |
eastern world. |
| 653 ## - INDEX TERM--UNCONTROLLED |
| Uncontrolled term |
female sainthood. |
| 653 ## - INDEX TERM--UNCONTROLLED |
| Uncontrolled term |
feminism. |
| 653 ## - INDEX TERM--UNCONTROLLED |
| Uncontrolled term |
global history. |
| 653 ## - INDEX TERM--UNCONTROLLED |
| Uncontrolled term |
islam. |
| 653 ## - INDEX TERM--UNCONTROLLED |
| Uncontrolled term |
islamic culture. |
| 653 ## - INDEX TERM--UNCONTROLLED |
| Uncontrolled term |
islamic history. |
| 653 ## - INDEX TERM--UNCONTROLLED |
| Uncontrolled term |
islamic world. |
| 653 ## - INDEX TERM--UNCONTROLLED |
| Uncontrolled term |
middle east. |
| 653 ## - INDEX TERM--UNCONTROLLED |
| Uncontrolled term |
middle eastern. |
| 653 ## - INDEX TERM--UNCONTROLLED |
| Uncontrolled term |
muslim feminists. |
| 653 ## - INDEX TERM--UNCONTROLLED |
| Uncontrolled term |
muslim history. |
| 653 ## - INDEX TERM--UNCONTROLLED |
| Uncontrolled term |
religion. |
| 653 ## - INDEX TERM--UNCONTROLLED |
| Uncontrolled term |
religious extremists. |
| 653 ## - INDEX TERM--UNCONTROLLED |
| Uncontrolled term |
religious ideas. |
| 653 ## - INDEX TERM--UNCONTROLLED |
| Uncontrolled term |
religious studies. |
| 653 ## - INDEX TERM--UNCONTROLLED |
| Uncontrolled term |
sharia law. |
| 653 ## - INDEX TERM--UNCONTROLLED |
| Uncontrolled term |
taliban. |
| 653 ## - INDEX TERM--UNCONTROLLED |
| Uncontrolled term |
timurid empire. |
| 653 ## - INDEX TERM--UNCONTROLLED |
| Uncontrolled term |
womens issues. |
| 653 ## - INDEX TERM--UNCONTROLLED |
| Uncontrolled term |
womens studies. |
| 653 ## - INDEX TERM--UNCONTROLLED |
| Uncontrolled term |
world history. |
| 700 1# - ADDED ENTRY--PERSONAL NAME |
| Personal name |
Ahsan, Sonia, |
| Relator term |
contributor. |
| Relator code |
ctb |
| -- |
https://id.loc.gov/vocabulary/relators/ctb |
| 700 1# - ADDED ENTRY--PERSONAL NAME |
| Personal name |
Arbabzadah, Nushin, |
| Relator term |
contributor. |
| Relator code |
ctb |
| -- |
https://id.loc.gov/vocabulary/relators/ctb |
| 700 1# - ADDED ENTRY--PERSONAL NAME |
| Personal name |
Azad, Arezou, |
| Relator term |
contributor. |
| Relator code |
ctb |
| -- |
https://id.loc.gov/vocabulary/relators/ctb |
| 700 1# - ADDED ENTRY--PERSONAL NAME |
| Personal name |
Baldauf, Ingeborg, |
| Relator term |
contributor. |
| Relator code |
ctb |
| -- |
https://id.loc.gov/vocabulary/relators/ctb |
| 700 1# - ADDED ENTRY--PERSONAL NAME |
| Personal name |
Bezhan, Faridullah, |
| Relator term |
contributor. |
| Relator code |
ctb |
| -- |
https://id.loc.gov/vocabulary/relators/ctb |
| 700 1# - ADDED ENTRY--PERSONAL NAME |
| Personal name |
Fuchs, Simon Wolfgang, |
| Relator term |
contributor. |
| Relator code |
ctb |
| -- |
https://id.loc.gov/vocabulary/relators/ctb |
| 700 1# - ADDED ENTRY--PERSONAL NAME |
| Personal name |
Green, Nile, |
| Relator term |
contributor. |
| Relator code |
ctb |
| -- |
https://id.loc.gov/vocabulary/relators/ctb |
| 700 1# - ADDED ENTRY--PERSONAL NAME |
| Personal name |
Green, Nile, |
| Relator term |
editor. |
| Relator code |
edt |
| -- |
http://id.loc.gov/vocabulary/relators/edt |
| 700 1# - ADDED ENTRY--PERSONAL NAME |
| Personal name |
Haroon, Sana, |
| Relator term |
contributor. |
| Relator code |
ctb |
| -- |
https://id.loc.gov/vocabulary/relators/ctb |
| 700 1# - ADDED ENTRY--PERSONAL NAME |
| Personal name |
McChesney, R. D., |
| Relator term |
contributor. |
| Relator code |
ctb |
| -- |
https://id.loc.gov/vocabulary/relators/ctb |
| 700 1# - ADDED ENTRY--PERSONAL NAME |
| Personal name |
Monsutti, Alessandro, |
| Relator term |
contributor. |
| Relator code |
ctb |
| -- |
https://id.loc.gov/vocabulary/relators/ctb |
| 700 1# - ADDED ENTRY--PERSONAL NAME |
| Personal name |
Paul, Jürgen, |
| Relator term |
contributor. |
| Relator code |
ctb |
| -- |
https://id.loc.gov/vocabulary/relators/ctb |
| 700 1# - ADDED ENTRY--PERSONAL NAME |
| Personal name |
Tarzi, Amin, |
| Relator term |
contributor. |
| Relator code |
ctb |
| -- |
https://id.loc.gov/vocabulary/relators/ctb |
| 700 1# - ADDED ENTRY--PERSONAL NAME |
| Personal name |
Ziad, Waleed, |
| Relator term |
contributor. |
| Relator code |
ctb |
| -- |
https://id.loc.gov/vocabulary/relators/ctb |
| 856 40 - ELECTRONIC LOCATION AND ACCESS |
| Uniform Resource Identifier |
<a href="https://doi.org/10.1515/9780520967373?locatt=mode:legacy">https://doi.org/10.1515/9780520967373?locatt=mode:legacy</a> |
| Public note |
Open Access |
| -- |
0 |
| 856 40 - ELECTRONIC LOCATION AND ACCESS |
| Uniform Resource Identifier |
<a href="https://www.degruyter.com/isbn/9780520967373">https://www.degruyter.com/isbn/9780520967373</a> |
| Public note |
Open Access |
| -- |
0 |
| 856 42 - ELECTRONIC LOCATION AND ACCESS |
| Materials specified |
Cover |
| Uniform Resource Identifier |
<a href="https://www.degruyter.com/document/cover/isbn/9780520967373/original">https://www.degruyter.com/document/cover/isbn/9780520967373/original</a> |
| 942 ## - ADDED ENTRY ELEMENTS (KOHA) |
| Koha item type |
E-Book |